000 01420cam a2200361 i 4500
005 20230516130427.0
008 160715s2018 iau 001 0 eng
010 _a 2016030667
020 _a9781259692406 (alk. paper)
040 _aDLC
_beng
_cDLC
_erda
_dDLC
042 _apcc
050 0 0 _aHF5636
_b.W725 2018
082 0 0 _a657
_223
_bWIL-F
100 1 _aWilliams, Jan R.,
245 1 0 _aFinancial and managerial accounting :
_bthe basis for business decisions /
_cJAN R. WILLIAMS, University of Tennessee, Susan F. Haka, Michigan State University, MARK S. BETTNER, Bucknell University, JOSEPH V. CARCELLO, University of Tennessee
246 3 _aFinancial & managerial accounting
250 _a18th Edition.
260 _aNew York
_bMcGraw-Hill
_c2018
264 1 _aDubuque :
_bMcGraw-Hill Education,
_c[2018]
300 _axxx,1147 pages ;
_c26 cm
336 _atext
_btxt
_2rdacontent
337 _aunmediated
_bn
_2rdamedia
338 _avolume
_bnc
_2rdacarrier
500 _aRevised edition of Financial and managerial accounting, 2015.
500 _aIncludes index.
650 0 _aAccounting.
700 1 _aHaka, Susan F.
700 1 _aBettner, Mark S.,
700 1 _aCarcello, Joseph V.,
906 _a7
_bcbc
_corignew
_d1
_eecip
_f20
_gy-gencatlg
999 _c18359
_d18359